00582nam a2200157Ia 4500008004100000100002300041245006700064245004600131260005300177260001800230300000800248650001500256856006100271999001900332952007300351170221s9999 xx 000 0 und d aSergey I. Chernykh aCorporate Education Abroad: Social and Philosophical Analysis  cSergey I. Chernykh, Vladimir I. Parshikov bInternational Review of Management and Marketing cNovember 2015 a4:4 xMarketing. uhttp://www.econjournals.com/index.php/irmm/issue/view/86 c310063d310063 001040aCLbCLd2017-02-21l0r2017-02-21 00:00:00w2017-02-21yFOJ